<?xml version="1.0" encoding="UTF-8"?>
<record
    xmlns:xsi="http://www.w3.org/2001/XMLSchema-instance"
    xsi:schemaLocation="http://www.loc.gov/MARC21/slim http://www.loc.gov/standards/marcxml/schema/MARC21slim.xsd"
    xmlns="http://www.loc.gov/MARC21/slim">

  <leader>01397nam a2200217Ia 4500</leader>
  <controlfield tag="001">114165</controlfield>
  <controlfield tag="003">DR-UNIBE</controlfield>
  <controlfield tag="005">20251017112040.0</controlfield>
  <controlfield tag="008">251016b2025    dr ||||| |||| 00| 0 spa d</controlfield>
  <datafield tag="040" ind1=" " ind2=" ">
    <subfield code="a">BIBLIOTECA UNIBE</subfield>
    <subfield code="c">BIBLIOTECA UNIBE</subfield>
    <subfield code="e">rda</subfield>
  </datafield>
  <datafield tag="041" ind1=" " ind2=" ">
    <subfield code="a">spa</subfield>
  </datafield>
  <datafield tag="082" ind1="0" ind2=" ">
    <subfield code="a">RD 342.0269 R426m</subfield>
  </datafield>
  <datafield tag="110" ind1="2" ind2=" ">
    <subfield code="a">Rep&#xFA;blica Dominicana. Tribunal Superior Electoral (TSE)</subfield>
    <subfield code="9">37172</subfield>
  </datafield>
  <datafield tag="245" ind1="1" ind2="0">
    <subfield code="a">Memoria gesti&#xF3;n : </subfield>
    <subfield code="c">2021- 2025</subfield>
  </datafield>
  <datafield tag="260" ind1="4" ind2=" ">
    <subfield code="a">Santo Domingo : </subfield>
    <subfield code="b">Tribunal Superior Electoral (TSE),</subfield>
    <subfield code="c">2025</subfield>
  </datafield>
  <datafield tag="300" ind1="4" ind2=" ">
    <subfield code="a">226 p&#xE1;ginas :</subfield>
    <subfield code="b">ilustraciones</subfield>
  </datafield>
  <datafield tag="505" ind1=" " ind2=" ">
    <subfield code="a">1. Presentaci&#xF3;n  |
2. Marco filos&#xF3;fico institucional  |
3. Base legal   |
4. Planificaci&#xF3;n estrat&#xE9;gica y operativa   |
5. Gesti&#xF3;n jurisdiccional   |
6. Relaciones internacionales  |
7. Gesti&#xF3;n de presidencia   |
8. Despacho de jueces   |
9. Secretar&#xED;a general   |
10. Capacitaci&#xF3;n en justicia electoral  |
11. Fortalecimiento las normativas   |
12. Actividades oficiales   |
13. Visitas distinguidas  |
14. Gesti&#xF3;n del talento humano  |
15. Sistema seguridad y salud ocupacional  |
16. Igualdad y equidad de g&#xE9;nero  |
17. Transparencia  |
18. Publicaciones  |
19. Avances tecnol&#xF3;gicos  |
20. Labor administrativa  |
21. Finanzas del TSE  |
22. Actividades internas  |</subfield>
  </datafield>
  <datafield tag="650" ind1=" " ind2="7">
    <subfield code="2">lemb</subfield>
    <subfield code="a">Tribunales</subfield>
    <subfield code="v">Memorias e informes</subfield>
    <subfield code="z">Rep&#xFA;blica Dominicana</subfield>
    <subfield code="9">200060</subfield>
  </datafield>
  <datafield tag="942" ind1=" " ind2=" ">
    <subfield code="c">BK</subfield>
    <subfield code="2">ddc</subfield>
  </datafield>
  <datafield tag="951" ind1=" " ind2=" ">
    <subfield code="a">20061022 10:18:00</subfield>
  </datafield>
  <datafield tag="999" ind1=" " ind2=" ">
    <subfield code="c">114165</subfield>
    <subfield code="d">114165</subfield>
  </datafield>
  <datafield tag="952" ind1=" " ind2=" ">
    <subfield code="0">0</subfield>
    <subfield code="1">0</subfield>
    <subfield code="2">ddc</subfield>
    <subfield code="7">0</subfield>
    <subfield code="8">GEN-RD</subfield>
    <subfield code="a">Principal</subfield>
    <subfield code="d">2025-10-17</subfield>
    <subfield code="l">0</subfield>
    <subfield code="o">RD 342.0269 R426m</subfield>
    <subfield code="p">251094</subfield>
    <subfield code="r">2025-10-17 10:51:38</subfield>
    <subfield code="t">Ej. 1</subfield>
    <subfield code="w">2025-10-17</subfield>
    <subfield code="y">BK</subfield>
  </datafield>
</record>
